Daňová konkurence sborník textů
Gespeichert in:
| Weitere Verfasser: | |
|---|---|
| Format: | Buch |
| Sprache: | Tschechisch |
| Veröffentlicht: |
Praha
Centrum pro ekonomiku a politiku
2004
|
| Schriftenreihe: | Ekonomika, právo, politika
č. 29/2004 |
| Schlagworte: | |
| Tags: |
Keine Tags, Fügen Sie das erste Tag hinzu!
|
MARC
| LEADER | 00000nam$a2200000$$$4500 | ||
|---|---|---|---|
| 001 | 0041239 | ||
| 005 | 20240104134408.0 | ||
| 020 | |a 80-86547-29-9 | ||
| 022 | |a 1213-3299 | ||
| 041 | 0 | |a cze | |
| 044 | |a CZ | ||
| 245 | 1 | 0 | |a Daňová konkurence |b sborník textů |c Marek Loužek (ed.) |
| 264 | 1 | |a Praha |b Centrum pro ekonomiku a politiku |c 2004 | |
| 300 | |a 85 s. | ||
| 490 | 1 | |a Ekonomika, právo, politika |v č. 29/2004 | |
| 830 | 0 | |a Ekonomika, právo, politika |v č. 29/2004 | |
| 610 | 2 | 0 | |a dane |
| 610 | 2 | 0 | |a reformy daňové |
| 610 | 2 | 0 | |a politika fiškálna |
| 610 | 2 | 0 | |a politika daňová |
| 610 | 2 | 0 | |a dane rovné |
| 610 | 2 | 0 | |a harmonizácia |
| 610 | 2 | 0 | |a konkurencia |
| 700 | 1 | |a Loužek, Marek | |